[Event "Cappelle op 09th"]
[Site "Cappelle la Grande"]
[Date "1993.??.??"]
[Round "7"]
[White "Arakhamia Grant, Ketevan"]
[Black "Mathe, Aurelien"]
[Result "1-0"]
[WhiteElo "2440"]
[BlackElo "2240"]
[PlyCount "111"]
[EventDate "1993.02.??"]
[EventType "swiss"]
[EventRounds "9"]
[EventCountry "FRA"]
[SourceTitle "TD"]
[Source "ChessBase"]
[SourceDate "1994.03.01"]
[SourceVersion "1"]
[SourceVersionDate "1994.03.01"]
[SourceQuality "1"]

1. e4 c5 2. Nf3 d6 3. d4 cxd4 4. Nxd4 Nf6 5. Nc3 e6 6. Be2 a6 7. 0-0 Qc7 8. a4 Nc6 9. Be3 Be7 10. f4 0-0 11. Kh1 Re8 12. Bd3 Nb4 13. a5 Bd7 14. Nf3 Bc6 15. Qe1 Nxd3 16. cxd3 Nd7 17. Bd4 e5 18. fxe5 dxe5 19. Qg3 Bc5 20. Nh4 Qd6 21. Bxc5 Nxc5 22. Nf5 Qg6 23. Qe3 Nb3 24. Ra3 Nd4 25. Nxd4 exd4 26. Qxd4 Rad8 27. Qc4 Qe6 28. Qxe6 Rxe6 29. Ne2 Red6 30. Nc1 Bb5 31. Rf3 Rd4 32. h3 Kf8 33. Rc3 R8d7 34. Kh2 Ke7 35. Kg3 f6 36. Nb3 Rxd3 37. Rcxd3 Rxd3 38. Rxd3 Bxd3 39. Nc5 Bb5 40. Nxb7 Ke6 41. Kf4 g5+ 42. Ke3 Ke5 43. g3 Bf1 44. Nc5 f5 45. Nd7+ Kd6 46. Nf6 h6 47. exf5 Bxh3 48. Ke4 Bg2+ 49. Kd4 Bh3 50. Ne4+ Ke7 51. Ke5 Bf1 52. b4 Bb5 53. Nd6 Bd7 54. f6+ Kf8 55. Kd5 h5 56. b5 1-0

[Event "Cappelle op 09th"]
[Site "Cappelle la Grande"]
[Date "1993.??.??"]
[Round "2"]
[White "Yakovich, Yuri"]
[Black "Mathe, Aurelien"]
[Result "1-0"]
[WhiteElo "2510"]
[BlackElo "2240"]
[PlyCount "55"]
[EventDate "1993.02.??"]
[EventType "swiss"]
[EventRounds "9"]
[EventCountry "FRA"]
[SourceTitle "EXT 2002"]
[Source "ChessBase"]
[SourceDate "2001.11.25"]
[SourceVersion "1"]
[SourceVersionDate "2001.11.25"]
[SourceQuality "1"]

1. d4 Nf6 2. c4 g6 3. Nc3 Bg7 4. e4 d6 5. Be2 0-0 6. Bg5 Na6 7. f4 Qe8 8. Bf3 e5 9. fxe5 dxe5 10. d5 Nd7 11. g4 Bf6 12. Bxf6 Nxf6 13. h4 Qe7 14. Qe2 Bd7 15. 0-0-0 Nc5 16. Nh3 a6 17. Nf2 b5 18. g5 Ne8 19. Bg4 bxc4 20. Bxd7 Qxd7 21. Qxc4 Nb7 22. h5 Nbd6 23. Qe2 Nb5 24. Rd3 Nd4 25. Qg4 f5 26. gxf6 Nxf6 27. Qg3 Qg7 28. hxg6 1-0

[Event "FRA-ch Accession"]
[Site "Montpellier"]
[Date "1991.??.??"]
[Round "8"]
[White "Dieu, Bruno"]
[Black "Mathe, Aurelien"]
[Result "1-0"]
[WhiteElo "2340"]
[BlackElo "2070"]
[PlyCount "77"]
[EventDate "1991.??.??"]
[EventType "swiss"]
[EventRounds "11"]
[EventCountry "FRA"]
[SourceTitle "EXT 1999"]
[Source "ChessBase"]
[SourceDate "1998.11.16"]
[SourceVersion "1"]
[SourceVersionDate "1998.11.16"]
[SourceQuality "1"]

1. d4 Nf6 2. c4 g6 3. Nc3 Bg7 4. e4 d6 5. Nge2 0-0 6. Ng3 e5 7. d5 c6 8. Be2 cxd5 9. cxd5 h5 10. Bg5 a6 11. a4 Qe8 12. a5 Nh7 13. Bd2 h4 14. Nf1 f5 15. Ne3 Nd7 16. Nc4 Qe7 17. exf5 gxf5 18. Na4 e4 19. Bf4 Be5 20. Nxe5 Nxe5 21. Nb6 Rb8 22. Rc1 Qg7 23. Rg1 Ng5 24. Kf1 Kh8 25. Qc2 Bd7 26. Qc7 Rbd8 27. Qxd6 Ngf7 28. Qb4 Ng6 29. Bc7 f4 30. Bxd8 Rxd8 31. Nxd7 Rxd7 32. Qxe4 Qxb2 33. Rb1 Qa2 34. Qxg6 Re7 35. Bd3 Ne5 36. Qf6+ Kg8 37. Qxe7 Nxd3 38. Qg5+ Kf8 39. Qf5+ 1-0

[Event "FRA-ch Accession"]
[Site "Montpellier"]
[Date "1991.??.??"]
[Round "7"]
[White "Libens, Michel"]
[Black "Mathe, Aurelien"]
[Result "0-1"]
[WhiteElo "2260"]
[BlackElo "2070"]
[PlyCount "68"]
[EventDate "1991.??.??"]
[EventType "swiss"]
[EventRounds "11"]
[EventCountry "FRA"]
[SourceTitle "EXT 1999"]
[Source "ChessBase"]
[SourceDate "1998.11.16"]
[SourceVersion "1"]
[SourceVersionDate "1998.11.16"]
[SourceQuality "1"]

1. Nf3 Nf6 2. d4 g6 3. g3 Bg7 4. Bg2 0-0 5. c4 d6 6. 0-0 Nbd7 7. Nc3 e5 8. e4 exd4 9. Nxd4 Re8 10. Nb3 Ne5 11. c5 dxc5 12. Qxd8 Rxd8 13. Nxc5 c6 14. f4 Bf8 15. Nb3 Nd3 16. h3 a5 17. e5 a4 18. Nxa4 Rxa4 19. exf6 Be6 20. Be3 Rda8 21. Rab1 Rxa2 22. Nd4 Bd5 23. Bxd5 cxd5 24. b3 Nc5 25. g4 Ne4 26. f5 Bc5 27. Rbc1 Bxd4 28. Bxd4 Ng3 29. Rf2 Ne2+ 30. Rxe2 Rxe2 31. Rc5 Rd2 32. Rxd5 Ra1+ 33. Bxa1 Rxd5 34. Kg2 gxf5 0-1

[Event "FRA-ch Accession"]
[Site "Montpellier"]
[Date "1991.??.??"]
[Round "9"]
[White "Mathe, Aurelien"]
[Black "Salus, Stephane"]
[Result "1/2-1/2"]
[WhiteElo "2070"]
[BlackElo "2205"]
[PlyCount "121"]
[EventDate "1991.??.??"]
[EventType "swiss"]
[EventRounds "11"]
[EventCountry "FRA"]
[SourceTitle "EXT 1999"]
[Source "ChessBase"]
[SourceDate "1998.11.16"]
[SourceVersion "1"]
[SourceVersionDate "1998.11.16"]
[SourceQuality "1"]

1. e4 c5 2. Nf3 Nc6 3. d4 cxd4 4. Nxd4 e5 5. Nb5 d6 6. c4 Be7 7. N1c3 a6 8. Na3 Be6 9. Be2 Bg5 10. Bxg5 Qxg5 11. 0-0 Nf6 12. Qxd6 Bh3 13. g3 Rd8 14. Qc7 Bxf1 15. Qxb7 Na5 16. Qxa6 Bxe2 17. Nxe2 Qd2 18. Qb5+ Kf8 19. Nc3 Ng4 20. Qc5+ Ke8 21. Rd1 Qxf2+ 22. Qxf2 Rxd1+ 23. Nxd1 Nxf2 24. Kxf2 Kd7 25. b4 Nc6 26. Nc2 Ra8 27. Nc3 Nd4 28. Ne3 Ra3 29. Ned5 Nc6 30. b5 Nb4 31. c5 Nd3+ 32. Ke2 Nxc5 33. Kd2 Kd6 34. Nb6 Kc7 35. Nc4 Ra8 36. Nxe5 Re8 37. Nd5+ Kb7 38. Nxf7 Nxe4+ 39. Kd3 Nf2+ 40. Kd4 Re4+ 41. Kc3 Nd1+ 42. Kb3 Re2 43. a4 Rd2 44. Nb4 Kb6 45. Ne5 Rxh2 46. Nc4+ Kb7 47. a5 Rg2 48. a6+ Kb8 49. Nc6+ Kc7 50. a7 Kb7 51. b6 Rxg3+ 52. Kb4 Rg4 53. Kc5 Rg5+ 54. Kd4 Rg4+ 55. Ke5 Rxc4 56. Na5+ Ka8 57. Nxc4 Nc3 58. Kd6 Nb5+ 59. Kc6 Nxa7+ 60. Kc7 Nb5+ 61. Kc8 1/2-1/2